عبقرية الحرية / (Record no. 6237)

MARC details
000 -الفاتح
حقل البيانات ثابتة الطول 00470nac a22001331u 4500
008 - عناصر البيانات ثابتة الطول - معلومات عامة
حقل البيانات ثابتة الطول 080911s1995 xxu||||| |||| 00| 0 ara d
082 ## - رقم تصنيف ديوى العشرى
رقم التصنيف 323.4482
رقم المادة ج و ل
245 ## - بيان العنوان
العنوان عبقرية الحرية /
بيان المسئوليه,etc جاك جوليار ؛ ترجمة علي باشا
260 ## - PUBLICATION, DISTRIBUTION, ETC. (IMPRINT)
مكان الناشر او الموزع دمشق :
اسم الناشر او الموزع وزارة الثقافة ،1995
تاريخ النشر أو التوزيع 1995.
300 ## - الوصف المادى
التعداد 214 ص :
تفاصيل ماديه اخرى للوعاء ايض ؛
أبعاد الوعاء 24 سم.
511 ## -
-- Catalogued by: Sara
650 ## - المدخل الاضافى بالموضوع-مصطلح موضوعى
مصطلح موضوعي أو اسم جغرافي كعنصر مدخل الليبرالية
9 (RLIN) 8114
942 ## - عناصر المدخل الإضافي( كوها)
Koha [default] item type Book - Borrowing
سابقة رقم الطلب 323.44 ج و ل
مصدر التصنيف او مخطط الترفيف Dewey Decimal Classification
Holdings
حالة التراجع حالة الفقد مصدر التصنيف او خطة الترفيف حالة تلف ليس للاعارة مجموعات كوها المكان الدائم المكان الحالي موقع الترفيف تاريخ الاكتساب Source of acquisition رقم الاستدعاء الباركود Date last seen نوع الوعاء
    Dewey Decimal Classification     Alef-Baa Central Library Central Library First floor 18/11/2007   323.44 ج و ل 000007800 15/07/2025 Book - Borrowing